Honda accord 1994 and 1995 all models: Automotive repair manual

Gespeichert in:
Bibliographische Detailangaben
1. Verfasser: Jay Storer
Format: Buch
Sprache:Undetermined
Veröffentlicht: Somerset, England Haynes 1995
Schlagworte:
Tags: Tag hinzufügen
Keine Tags, Fügen Sie den ersten Tag hinzu!
Thư viện lưu trữ: Trung tâm Học liệu Trường Đại học Cần Thơ
LEADER 00565nam a2200193Ia 4500
001 CTU_30772
008 210402s9999 xx 000 0 und d
020 |b 224.000đ 
082 |a 629.2872 
082 |b S884 
100 |a Jay Storer 
245 0 |a Honda accord 1994 and 1995 all models: Automotive repair manual 
245 0 |c Jay Storer, John H Haynes 
260 |a Somerset, England 
260 |b Haynes 
260 |c 1995 
650 |a automobiles - maintenance and repair 
904 |i Minh, 990528 
980 |a Trung tâm Học liệu Trường Đại học Cần Thơ